J.P. Sturge & Sons of Bristol 1760-1960 (Record no. 107653)
[ view plain ]
| 000 -LEADER | |
|---|---|
| fixed length control field | 00643cam a22001935a 4500 |
| 001 - CONTROL NUMBER | |
| control field | L141420 |
| 008 - FIXED-LENGTH DATA ELEMENTS--GENERAL INFORMATION | |
| fixed length control field | 071122s1960 xxk f 000 0deng d |
| 035 ## - SYSTEM CONTROL NUMBER | |
| System control number | (Sirsi) u141420 |
| 041 0# - LANGUAGE CODE | |
| Language code of text/sound track or separate title | eng |
| 050 04 - LIBRARY OF CONGRESS CALL NUMBER | |
| Classification number | 920 $2 18 |
| 110 2# - MAIN ENTRY--CORPORATE NAME | |
| Corporate name or jurisdiction name as entry element | J.P.Sturge and Sons |
| 245 05 - TITLE STATEMENT | |
| Title | J.P. Sturge & Sons of Bristol 1760-1960 |
| Remainder of title | a bicentenery memoir |
| 260 ## - PUBLICATION, DISTRIBUTION, ETC. | |
| Place of publication, distribution, etc. | [Bristol] |
| Name of publisher, distributor, etc. | s.n. |
| Date of publication, distribution, etc. | [1960] |
| 300 ## - PHYSICAL DESCRIPTION | |
| Extent | [7] p. |
| Dimensions | 21 cm. |
| 520 ## - SUMMARY, ETC. | |
| Summary, etc. | A history of the firm of J.P. Sturge. Includes a poem writtem by Mary Sturge in 1840: 'A voice of warning, or, the miseries of a land surveyor's wife'. |
| 651 #4 - SUBJECT ADDED ENTRY--GEOGRAPHIC NAME | |
| Geographic name | Bristol |
| 690 ## - LOCAL SUBJECT ADDED ENTRY--TOPICAL TERM (OCLC, RLIN) | |
| Topical term or geographic name as entry element | ABOUT RICS-RICS MEMBERS |
| 942 ## - ADDED ENTRY ELEMENTS (KOHA) | |
| Suppress in OPAC | 0 |
| Withdrawn status | Lost status | Source of classification or shelving scheme | Damaged status | Not for loan | Home library | Current library | Shelving location | Date acquired | Total Checkouts | Full call number | Barcode | Date last seen | Copy number | Price effective from | Koha item type |
|---|---|---|---|---|---|---|---|---|---|---|---|---|---|---|---|
| Dewey Decimal Classification | London | London | Reference copy | 22/11/2007 | 920 STU | 30074453 | 06/08/2019 | 1 | 06/08/2019 | Book |